Welcome to the Holygrace Academy Library

Please use search bar below to get started

MODERN ABC + BIOLOGY-XI (Record no. 6806)

MARC details
000 -LEADER
fixed length control field 00360nam a22001577a 4500
020 ## - INTERNATIONAL STANDARD BOOK NUMBER
ISBN 9789389708257
082 ## - DEWEY DECIMAL CLASSIFICATION NUMBER
Classification number 574
Item number ARO/B
100 ## - MAIN ENTRY--AUTHOR NAME
Personal name ARORA,B.B; SABHARWAL, A.K
245 ## - TITLE STATEMENT
Title MODERN ABC + BIOLOGY-XI
246 ## - VARYING FORM OF TITLE
Title proper/short title PART II
260 ## - PUBLICATION, DISTRIBUTION, ETC. (IMPRINT)
Place of publication JLANDHAR
Name of publisher MODERN PUBLISHERS
Year of publication 2023
300 ## - PHYSICAL DESCRIPTION
Number of Pages 22/54
520 ## - SUMMARY, ETC.
Summary, etc BIOLOGY
650 ## - SUBJECT ADDED ENTRY--TOPICAL TERM
Topical Term REFERENCE
942 ## - ADDED ENTRY ELEMENTS (KOHA)
Koha item type Books
Holdings
Withdrawn status Lost status Collection code Home library Current library Shelving location Date acquired Source of acquisition Cost, normal purchase price Full call number Accession Number Koha item type
    Reference Main Library Main Library NEW SHELF WITH NEW ENTRY 27/09/2023 Purchase 1180.00 574 ARO/B 12900 Books